Movies Quiz

Random Movies or Restaurants Quiz

Disney Movie Restaurants Quiz Stats

 Plays Quiz Updated Mar 29, 2019

Score 0/16 Timer 04:00
2 Plays Today
Hint Answer % Correct
Cars
90.2%
Toy Story
88.7%
Ratatouille
83.3%
Lilo and Stitch
81.5%
Lady and the Tramp
74.3%
Tangled
74%
Cars 2
69%
Monsters, Inc.
68%
Hint Answer % Correct
The Princess and the Frog
50.3%
The Emperor's New Groove
50.2%
Up
45.4%
A Bug's Life
42.5%
Inside Out
35.7%
Big Hero 6
33.9%
The Incredibles 2
21.6%
Zootopia
15.4%

You're not logged in!

Compare scores with friends on all Sporcle quizzes.
OR
Log In

Sporcle TV

Today on Sporcle TV


Watch our educational content, quiz creation guides, and fun videos on Sporcle TV.

Show Comments

Extras

Top Quizzes Today


Score Distribution

Your Account Isn't Verified!

In order to create a playlist on Sporcle, you need to verify the email address you used during registration. Go to your Sporcle Settings to finish the process.

Report this User

Report this user for behavior that violates our Community Guidelines.

Details: